| 000 | 00434nam a2200157Ia 4500 | ||
|---|---|---|---|
| 008 | 210716s1996 xx 000 0 und d | ||
| 020 | _a9780764500503 | ||
| 041 | _aeng | ||
| 082 | _a005.26301 WANW | ||
| 100 | _aWang, Wallace; Parker, Roger C. | ||
| 245 | _aMicrosoft office 97 for windows for dummies. | ||
| 250 | _a1 | ||
| 260 |
_aUSA _bIDG Books World Wide _c1996 |
||
| 300 | _axxiv,386 | ||
| 650 | _aMicrosoft Windows(005.269) | ||
| 999 |
_c186863 _d186863 |
||